| 000 | 00691cam a2200241 a 4500 | ||
|---|---|---|---|
| 008 | |||
| 020 | _a9780521882101 (pbk.) | ||
| 049 | _aMAIN | ||
| 090 |
_aQE534.2 _bSHE |
||
| 100 | 1 | _aShearer, Peter M. | |
| 245 | 1 | 0 |
_aIntroduction to seismology / _cPeter M. Shearer. |
| 250 | _a2nd ed. | ||
| 260 |
_aCambridge : _bCambridge University Press, _c2009. |
||
| 300 |
_axiv, 396 p. : _bill. ; _c26 cm. |
||
| 500 | _aIncludes index. | ||
| 504 | _aIncludes bilbiographical references. | ||
| 650 | 0 | _aSeismology. | |
| 907 |
_a.b10300156 _b07-05-12 _c19-07-11 |
||
| 003 | |||
| 005 | 20230123125323.0 | ||
| 040 | _cNUST | ||
| 942 |
_cBOOKS _kQE534.2 _mSHE |
||
| 999 |
_c139498 _d139498 |
||